skbl

Dr Suryya Kumar Bhuyan Library Web-OPAC
ডঃ সূৰ্য্য
কুমাৰ ভূঞা পুথিভঁৰাল ৱেব-অ'পেক

All Research Scholars are advised to clear the annual library fees to continue using Library Resources, Remote Access, Plagiarism Test and Library Clearance.

Cotton University Book Fair 2026

Study of fixed point theorems and their applications on fractional differential and integral equation / (Record no. 67699)

MARC details
000 -LEADER
fixed length control field 00603nam a2200205 4500
005 - DATE AND TIME OF LATEST TRANSACTION
control field 20260107114414.0
008 - FIXED-LENGTH DATA ELEMENTS--GENERAL INFORMATION
fixed length control field 260107b |||||||| |||| 00| 0 eng d
041 ## - LANGUAGE CODE
Language code of text/sound track or separate title eng
082 ## - DEWEY DECIMAL CLASSIFICATION NUMBER
Classification number 510
Item number DEB
100 ## - MAIN ENTRY--AUTHOR NAME
Scholar Deb, Sudip.
245 ## - TITLE STATEMENT
Title Study of fixed point theorems and their applications on fractional differential and integral equation /
260 ## - PUBLICATION, DISTRIBUTION, ETC. (IMPRINT)
Year of publication 2025.
Department Mathematics
300 ## - PHYSICAL DESCRIPTION
Number of Pages xvi ; 193p.
650 ## - SUBJECT ADDED ENTRY--TOPICAL TERM
Topical Term Mathematics
650 ## - SUBJECT ADDED ENTRY--TOPICAL TERM
Topical Term Mathematics Applied
650 ## - SUBJECT ADDED ENTRY--TOPICAL TERM
Topical Term Physical Sciences
700 ## - ADDED ENTRY--Guide
Guide Das, Anupam.
856 ## - ELECTRONIC LOCATION AND ACCESS
Uniform Resource Identifier <a href="https://shodhganga.inflibnet.ac.in/handle/10603/673717">https://shodhganga.inflibnet.ac.in/handle/10603/673717</a>
942 ## - ADDED ENTRY ELEMENTS (KOHA)
Koha item type Thesis
Holdings
Home library Current library Shelving location Date acquired Full call number Accession Number Koha item type
Dr. Suryya Kumar Bhuyan Library Dr. Suryya Kumar Bhuyan Library Thesis Section 07/01/2026 510/DEB PHD140 Thesis

Designed and Maintained by Team SKBL
©1901-2026

Powered by Koha